000 00344nam a2200133Ia 4500
008 151021s9999 xx 000 0 und d
020 _a078686317x
050 _aPS3552.A682B48 1999
245 _a_Flashpoint Linda Barnes
260 _aNew York HYperion 1999
300 _a270p.
650 _a_Novel
980 _a^d20130208 11:54:20^oanne
999 _c12850
_d12850